MULLA HINDU LAW (Record no. 10498)

MARC details
000 -LEADER
fixed length control field 00344nam a22001577a 4500
003 - CONTROL NUMBER IDENTIFIER
control field SGT
020 ## - INTERNATIONAL STANDARD BOOK NUMBER
International Standard Book Number 9788180388477
082 ## - DEWEY DECIMAL CLASSIFICATION NUMBER
Classification number 342.540 87,DES
100 ## - MAIN ENTRY--PERSONAL NAME
Personal name DESAI,SATYAJEET A.
245 ## - TITLE STATEMENT
Title MULLA HINDU LAW
250 ## - EDITION STATEMENT
Edition statement 21ST
260 ## - PUBLICATION, DISTRIBUTION, ETC. (IMPRINT)
Place of publication, distribution, etc NEW DELHI
Name of publisher, distributor, etc LEXIS NEXIS
Year of Publication 2015
300 ## - PAGE DESCRIPTION
No. of Pages 1465
650 ## - SUBJECT ADDED ENTRY--TOPICAL TERM
Topical term or geographic name as entry element MULLA HINDU LAW
942 ## - ADDED ENTRY ELEMENTS (KOHA)
Source of classification or shelving scheme Dewey Decimal Classification
Koha item type Books
Holdings
Withdrawn status Lost status Source of classification or shelving scheme Damaged status Not for loan Collection code Home library Current library Shelving location Date acquired Vendor Name Cost, normal purchase price SGTU Bill Number Full call number Accession No. (Barcode) Date last seen Bill Date Koha item type
    Dewey Decimal Classification   Not For Loan LAW SGT Science & Social Sciences Library SGT Science & Social Sciences Library Reference Book 19/01/2017 TECHNICAL BUREA INDIA LIMITED 2295.00 SGTU 2002 342.540 87,DES FL1129 19/01/2017 26/09/2015 Books